| 000 | 00553nam a22002177a 4500 | ||
|---|---|---|---|
| 003 | OSt | ||
| 005 | 20140310183112.0 | ||
| 008 | 130323t xxu||||| |||| 00| 0 eng d | ||
| 020 | _a9789712719585 | ||
| 050 |
_aQA 276.12 _b.B645 2007 |
||
| 082 |
_aFIL 519.5 _bB61 2007 |
||
| 245 |
_aElementary statistics _cBlay, Basilia Ebora |
||
| 260 |
_aPasig City _bAnvil Pub. _cc2007 |
||
| 300 |
_a196 p. _bill. _c30cm. |
||
| 521 | _aCollege | ||
| 526 | _c1210L-1700L | ||
| 541 | _j1 | ||
| 541 | _j2 | ||
| 562 | _e2 | ||
| 942 |
_2lcc _cBK _kFIL |
||
| 999 |
_c18855 _d18855 |
||